MARC details
| 000 -LEADER |
| fixed length control field |
02276cas a2200529 i 4500 |
| 001 - CONTROL NUMBER |
| control field |
22060186 |
| 003 - CONTROL NUMBER IDENTIFIER |
| control field |
OSt |
| 005 - DATE AND TIME OF LATEST TRANSACTION |
| control field |
20230808153126.0 |
| 008 - FIXED-LENGTH DATA ELEMENTS--GENERAL INFORMATION |
| fixed length control field |
191024c20149999ke ar p 0 0eng c |
| 010 ## - LIBRARY OF CONGRESS CONTROL NUMBER |
| LC control number |
2019234253 |
| Canceled/invalid LC control number |
2021315038 |
| 020 ## - INTERNATIONAL STANDARD BOOK NUMBER |
| International Standard Book Number |
9966021236 |
| 035 ## - SYSTEM CONTROL NUMBER |
| System control number |
(OCoLC)on1124929175 |
| 040 ## - CATALOGING SOURCE |
| Original cataloging agency |
HVL |
| Language of cataloging |
eng |
| Description conventions |
rda |
| Transcribing agency |
HVL |
| Modifying agency |
HVL |
| -- |
DLC |
| -- |
OCLCO |
| -- |
DLC |
| -- |
OCLCO |
| -- |
NYP |
| 041 0# - LANGUAGE CODE |
| Language code of text/sound track or separate title |
eng |
| -- |
fre |
| 042 ## - AUTHENTICATION CODE |
| Authentication code |
pcc |
| 043 ## - GEOGRAPHIC AREA CODE |
| Geographic area code |
fb----- |
| 050 #4 - LIBRARY OF CONGRESS CALL NUMBER |
| Classification number |
KQC985 |
| Item number |
.I58 2021 |
| 245 00 - TITLE STATEMENT |
| Title |
International criminal justice in Africa, 2020 |
| Remainder of title |
Edited by Bernard Ntahiraja & Gerhard Kemp |
| 260 ## - PUBLICATION, DISTRIBUTION, ETC. (IMPRINT) |
| Place of publication, distribution, etc. |
Africa |
| Name of publisher, distributor, etc. |
Konrad |
| Date of publication, distribution, etc. |
2021 |
| 300 ## - PHYSICAL DESCRIPTION |
| Extent |
volumes ; |
| Dimensions |
24 cm |
| 310 ## - CURRENT PUBLICATION FREQUENCY |
| Current publication frequency |
Annual |
| 336 ## - CONTENT TYPE |
| Content type term |
text |
| Content type code |
txt |
| Source |
rdacontent |
| 337 ## - MEDIA TYPE |
| Media type term |
unmediated |
| Media type code |
n |
| Source |
rdamedia |
| 338 ## - CARRIER TYPE |
| Carrier type term |
volume |
| Carrier type code |
nc |
| Source |
rdacarrier |
| 362 1# - DATES OF PUBLICATION AND/OR SEQUENTIAL DESIGNATION |
| Dates of publication and/or sequential designation |
Began with: 2014? |
| 500 ## - GENERAL NOTE |
| General note |
Edited by HJ van der Merwe and Gerhard Kemp, <2016- > |
| 500 ## - GENERAL NOTE |
| General note |
Papers by members of the Konrad Adenauer Stiftung's African Group of Experts on International Criminal Justice. |
| 546 ## - LANGUAGE NOTE |
| Language note |
In English and French. |
| 580 ## - LINKING ENTRY COMPLEXITY NOTE |
| Linking entry complexity note |
Continues a monograph under the title: Power and prosecution : challenges and opportunities for international criminal justice in Sub-Saharan Africa. |
| 588 ## - SOURCE OF DESCRIPTION NOTE |
| Source of description note |
Description based on: 2016; title from title page. |
| 588 ## - SOURCE OF DESCRIPTION NOTE |
| Source of description note |
Latest issue consulted: 2019. |
| 590 ## - LOCAL NOTE (RLIN) |
| Local note |
Acquired via LC overseas office. Nairobi Field Office. Most recent issues may not yet be available in LC. |
| 650 #0 - SUBJECT ADDED ENTRY--TOPICAL TERM |
| Topical term or geographic name as entry element |
International criminal law |
| Geographic subdivision |
Africa, Sub-Saharan |
| Form subdivision |
Periodicals. |
| 650 #0 - SUBJECT ADDED ENTRY--TOPICAL TERM |
| Topical term or geographic name as entry element |
Criminal justice, Administration of |
| Geographic subdivision |
Africa, Sub-Saharan |
| Form subdivision |
Periodicals. |
| 650 #0 - SUBJECT ADDED ENTRY--TOPICAL TERM |
| Topical term or geographic name as entry element |
International criminal courts |
| Geographic subdivision |
Africa, Sub-Saharan |
| Form subdivision |
Periodicals. |
| 650 #7 - SUBJECT ADDED ENTRY--TOPICAL TERM |
| Topical term or geographic name as entry element |
Criminal justice, Administration of. |
| Source of heading or term |
fast |
| Authority record control number |
(OCoLC)fst00883246 |
| 650 #7 - SUBJECT ADDED ENTRY--TOPICAL TERM |
| Topical term or geographic name as entry element |
International criminal courts. |
| Source of heading or term |
fast |
| Authority record control number |
(OCoLC)fst00976876 |
| 650 #7 - SUBJECT ADDED ENTRY--TOPICAL TERM |
| Topical term or geographic name as entry element |
International criminal law. |
| Source of heading or term |
fast |
| Authority record control number |
(OCoLC)fst01784719 |
| 651 #7 - SUBJECT ADDED ENTRY--GEOGRAPHIC NAME |
| Geographic name |
Africa. |
| Source of heading or term |
fast |
| Authority record control number |
(OCoLC)fst01239509 |
| 700 1# - ADDED ENTRY--PERSONAL NAME |
| Personal name |
Van der Merwe, HJ, |
| Relator term |
editor. |
| 700 1# - ADDED ENTRY--PERSONAL NAME |
| Personal name |
Kemp, Gerhard, |
| Relator term |
editor. |
| 710 2# - ADDED ENTRY--CORPORATE NAME |
| Corporate name or jurisdiction name as entry element |
African Group of Experts on International Criminal Justice, |
| Relator term |
issuing body. |
| 906 ## - LOCAL DATA ELEMENT F, LDF (RLIN) |
| a |
7 |
| b |
cbc |
| c |
serials |
| d |
2 |
| e |
ncip |
| f |
20 |
| g |
n-oclcserc |
| 942 ## - ADDED ENTRY ELEMENTS (KOHA) |
| Source of classification or shelving scheme |
Library of Congress Classification |
| Koha item type |
General Collection |